000 00698nam a2200229Ia 4500
005 20260601193226.0
008 260601s9999||||xx |||||||||||||| ||und||
020 _a978-981-99-9492-2
_qebk
100 _aJianhou Gan
245 0 _aComputer Science and Educational Informatization
250 _a1st ed. 2024
260 _aHeidelberg, Germany
_bSpringer Nature
_c2024
440 _aCommunications in Computer and Information Science
650 _aComputer Science
700 _aDong Liu
700 _aJuxiang Zhou
700 _aXianhua Song
700 _aYi Pan
700 _aZeguang Lu
856 _uhttps://link.springer.com/openurl?genre=book&isbn=978-981-99-9492-2
942 _cEB
_2ddc
999 _c55953
_d55953